000 00471nam a2200181Ia 4500
001 3119
005 20260306144857.0
008 260306t2010||||xx |||||||||||||| ||spa||
041 _aESP
082 _a259.23
_bC78
100 _aCorrea Lira, José Luis,
_eAUT
245 0 _aPastoral universitaria :
_bidentidad y mística de sus agentes pastorales
260 _c2010
300 _a91 páginas :
_c22 cm.
650 _aGEN
654 _aCHU
942 _cLIB
_dJUS
_fJUS
_2ddc
_n
999 _c3119
_d3119